| Поле | Название | Значение |
| |
Тип записи |
a |
| |
Библиографический уровень |
m |
| 001 |
Контрольный номер |
RU/УОНБ/EK_N/635527403 |
| 005 |
Дата корректировки |
20240130235158.9 |
| 010 |
Индекс ISBN |
__ |
| 9 |
Тираж |
3000 экз. |
| 013 |
Номер (ISMN) |
__ |
| a |
Номер (ISMN) |
5-93138-004-3 |
| d |
Цена |
1 р. |
| 100 |
Данные общей обработки |
__ |
| a |
Данные общей обработки |
20200220d1999 u y0rusy0189||||ca |
| 101 |
Язык документа |
0_ |
| a |
Язык текста |
rus |
| f |
Язык титульного листа |
rus |
| 102 |
Страна публикации |
__ |
| a |
Страна публикации |
RU |
| 105 |
Кодированные данные (монография) |
__ |
| a |
Кодированные данные (монография) |
y###||||000|y |
| 125 |
Кодированные данные звукозаписи и нотных изданий |
__ |
| a |
Форма изложения нотного текста |
с| |
| 128 |
Кодированные данные (звукозаписи-физические характеристики) |
__ |
| a |
Кодированные данные: Музыкальная форма и тональность или лад |
ccn |
| c |
Инструменты или голоса, рекомендуемые для солистов (устаревшее) |
ka|| |
| c |
Инструменты или голоса, рекомендуемые для солистов (устаревшее) |
tb|| |
| c |
Инструменты или голоса, рекомендуемые для солистов (устаревшее) |
vu|| |
| 200 |
Заглавие и сведения об ответственности |
1_ |
| a |
Заглавие |
Вып. 2 |
| b |
Общее обозначение материала |
Ноты |
| f |
Первые сведения об ответственности |
сост. Ф. И. Такун |
| g |
Последующие сведения об ответственности |
транск. с фонограммы А. Т. Шершунова |
| g |
Последующие сведения об ответственности |
предисл. изд. |
| 210 |
Выходные данные |
1_ |
| d |
Дата издания |
1999 |
| 215 |
Физическое описание |
__ |
| a |
Объем |
32 с. |
| 327 |
Примечание о содержании |
11 |
| a |
Примечание о содержании |
Содерж. : Грозный А. Пам-пам / сл. О. Орловой ; исполн. гр. "Блестящие". - Лоткин В. Три розы (Черно-белая судьба) / сл. С. Соколкина ; исполн. Долина Л. - Барвел Дж. Салма / сл. П. Дилавоэ, С. Яхивэ ; пер. А. Морсина ; исполн. Киркоров Ф. - Есенин П. До утра / сл. В. Баранова ; исполн. Маликов Д. ; Не дано / сл. Э. Чантурия ; исполн. гр. "Hi-Fi". - Зубков И. Не стерпелось, не слюбилось / сл. С. Осиашвили ; исполн. Натали. - Хаоса-мл. Т. Хали-гали / сл. С. Суворенко и И. Богомазова ; исполн. гр. "Отпетые мошенники". - Бодолик В. Атомное чувство любовь / сл. К. Арсенева ; исполн. гр. "Премьер-министр". - Будянская Я. Не надо / сл. Я. Будянской ; исполн. Яна. |
| 461 |
Уровень набора |
_0 |
| 1 |
|
001RU/УОНБ/EK_N/635525494 |
| 1 |
|
200 |
| a |
|
Новый хит |
| b |
|
Ноты |
| e |
|
песни в перелож. для фп. и гитары с голосом |
| e |
|
ноты, аккорды, тексты песен |
| v |
|
Вып. 2 |
| 1 |
|
210 |
| a |
|
М. |
| c |
|
Современная музыка |
| d |
|
1999 - |
| 464 |
Аналитический уровень |
_0 |
| 1 |
|
2001 |
| a |
|
Пам-пам |
| e |
|
Сколько раз подряд тебе говорила я... |
| e |
|
из репертуара гр. "Блестящие" |
| 1 |
|
700 1 |
| a |
|
Грозный |
| b |
|
А. |
| 1 |
|
702 1 |
| a |
|
Орлова |
| b |
|
О. |
| 4 |
|
520 |
| 464 |
Аналитический уровень |
_0 |
| 1 |
|
2001 |
| a |
|
Три розы |
| a |
|
Черно-белая судьба |
| e |
|
Пью я слёзы, ну а ты - вино... |
| e |
|
из репертуара Ларисы Долиной |
| 1 |
|
700 1 |
| a |
|
Лоткин |
| b |
|
В. |
| 1 |
|
702 1 |
| a |
|
Соколкин |
| b |
|
С. |
| 4 |
|
520 |
| 464 |
Аналитический уровень |
_0 |
| 1 |
|
2001 |
| a |
|
Салма |
| e |
|
Самая, самая ты песня лета самая... |
| e |
|
из репертуара Филиппа Киркорова |
| 1 |
|
700 1 |
| a |
|
Барвел |
| b |
|
Дж. |
| 1 |
|
702 1 |
| a |
|
Дилавоэ |
| b |
|
П. |
| 4 |
|
520 |
| 1 |
|
702 1 |
| a |
|
Яхивэ |
| b |
|
С. |
| 4 |
|
520 |
| 1 |
|
702 1 |
| a |
|
Морсин |
| b |
|
А. |
| 4 |
|
730 |
| 464 |
Аналитический уровень |
_0 |
| 1 |
|
2001 |
| a |
|
До утра |
| e |
|
Ночь такая липкая гонится за мной... |
| e |
|
из репертуара Дмитрия Маликова |
| 1 |
|
700 1 |
| a |
|
Есенин |
| b |
|
П. |
| 1 |
|
702 1 |
| a |
|
Баранов |
| b |
|
В. |
| 4 |
|
520 |
| 464 |
Аналитический уровень |
_0 |
| 1 |
|
2001 |
| a |
|
Не стерпелось, не слюбилось |
| e |
|
За окном луна светит полная... |
| e |
|
из репертуара Натали |
| 1 |
|
700 1 |
| a |
|
Зубков |
| b |
|
И. |
| 1 |
|
702 1 |
| a |
|
Осиашвили |
| b |
|
С. |
| 4 |
|
520 |
| 464 |
Аналитический уровень |
_0 |
| 1 |
|
2001 |
| a |
|
Хали-гали |
| e |
|
Мы к вам заехали на час всего... |
| e |
|
из репертуара гр. "Отпетые мошенники" |
| 1 |
|
700 1 |
| a |
|
Хаоса-мл. |
| b |
|
Т. |
| 1 |
|
702 1 |
| a |
|
Суворенко |
| b |
|
С. |
| 4 |
|
520 |
| 1 |
|
702 1 |
| a |
|
Богомазов |
| b |
|
И. |
| 4 |
|
520 |
| 464 |
Аналитический уровень |
_0 |
| 1 |
|
2001 |
| a |
|
Атомное чувство любовь |
| e |
|
Ты - милая девочка, но ничего особенного... |
| e |
|
из репертуара гр. "Премьер-министр" |
| 1 |
|
700 1 |
| a |
|
Бодолик |
| b |
|
В. |
| 1 |
|
702 1 |
| a |
|
Арсенев |
| b |
|
К. |
| 4 |
|
520 |
| 464 |
Аналитический уровень |
_0 |
| 1 |
|
2001 |
| a |
|
Не надо |
| e |
|
На платочек беленький падает слеза... |
| e |
|
из репертуара Яны |
| 1 |
|
700 1 |
| a |
|
Будянская |
| b |
|
Я. |
| 1 |
|
702 1 |
| a |
|
Будянская |
| b |
|
Я. |
| 4 |
|
520 |
| 464 |
Аналитический уровень |
_0 |
| 1 |
|
2001 |
| a |
|
Не дано |
| e |
|
Нам не дано с тобой понять, чему так радуется ветер... |
| e |
|
из репертуара гр. "Hi-Fi" |
| 1 |
|
700 1 |
| a |
|
Есенин |
| b |
|
П. |
| 1 |
|
702 1 |
| a |
|
Чантурия |
| b |
|
Э. |
| 4 |
|
520 |
| 512 |
Заглавие обложки |
1_ |
| a |
Заглавие обложки |
Новый хит |
| 606 |
Тематические рубрики |
0_ |
| a |
Основная рубрика |
Эстрадные песни российских композиторов |
| 610 |
Ключевые слова |
0_ |
| a |
Ключевые слова |
эстрадные песни |
| 686 |
Индексы других классификаций |
__ |
| a |
Классификационный индекс |
85.943.4-085-42-64я43 |
| 2 |
Код системы |
rubbk |
| 702 |
Вторичная интеллектуальная ответственность |
_1 |
| a |
Фамилия |
Такун |
| b |
Имя (инициалы) |
Ф. И. |
| 4 |
Код отношения |
220 |
| 702 |
Вторичная интеллектуальная ответственность |
_1 |
| a |
Фамилия |
Шершунов |
| b |
Имя (инициалы) |
А. Т. |
| 4 |
Код отношения |
030 |
| 801 |
Источник записи |
_0 |
| a |
Страна |
RU |
| b |
Организация |
Ульяновская ОНБ |
| c |
Дата составления |
20200220 |
| g |
Правила каталогизации |
RCR |
| 801 |
Источник записи |
_1 |
| a |
Страна |
RU |
| b |
Организация |
Ульяновская ОНБ |
| c |
Дата составления |
20200220 |
| g |
Правила каталогизации |
RCR |
| 901 |
Тип документа |
__ |
| t |
Тип документа |
n |
| w |
Контрольный № источника |
RU/УОНБ/EK_N/635525494 |
| 909 |
Создатель записи |
__ |
| a |
Создатель записи |
Грязнова И. Е. |
| 938 |
Служебная информация |
__ |
| a |
Имя БД |
noti |
| b |
Имя библиотеки |
УОНБ |
| c |
Имя АИБС |
МАРК-SQL |
| d |
Номер DOC_ID в БД |
22015 |